000
00357nam a2200145Ia 4500
003
LK-CoDNM
008
010623t xxu||||| |||| 00| 1 sin d
040
_a
LK-CoDNM
_d
LK-CoDNM
_e
LK-CoDNM
041
_a
sin
080
_a
32
_b
JAN
245
_a
ජනතා ප්රගතීය
246
_a
Janatha Pragathiya
300
_b
30p.;24 cm cm
942
_c
BK
999
_c
138201
_d
138201